| 000 | 004670000a22001690004500 | ||
|---|---|---|---|
| 003 | MACL | ||
| 005 | 20151230155343.0 | ||
| 008 | 151230b xxu||||| |||| 00| 0 eng d | ||
| 040 |
_aMACL _cMACL |
||
| 041 | _aEnglish | ||
| 082 | _a294.3/DAV | ||
| 100 |
_aDavis, T W Rhys _925158 |
||
| 245 |
_aLectures on the Origin and Growth of Religion _bIndian Buddhism |
||
| 260 |
_bWilliams and Norgate _c1897 _aLondon |
||
| 650 |
_aReligion _925159 |
||
| 942 |
_cBK _k294.3/DAV _2ddc |
||
| 999 |
_c38243 _d38243 |
||